ADVANCED INORGANIC CHEMISTRY:for B.sc (hons), M.sc AND Research Scholar( VOL- II) (Record no. 6028)

MARC details
000 -LEADER
fixed length control field 00467nam a22001697a 4500
005 - DATE AND TIME OF LATEST TRANSACTION
control field 20210827121333.0
008 - FIXED-LENGTH DATA ELEMENTS--GENERAL INFORMATION
fixed length control field 200225b xxu||||| |||| 00| 0 eng d
020 ## - INTERNATIONAL STANDARD BOOK NUMBER
ISBN 978-93-88527-79-8
041 ## - LANGUAGE CODE
Language code of text/sound track or separate title eng
082 ## - DEWEY DECIMAL CLASSIFICATION NUMBER
Classification number 546
100 ## - MAIN ENTRY--AUTHOR NAME
Personal name KAR, ASHUTOSH
245 ## - TITLE STATEMENT
Title ADVANCED INORGANIC CHEMISTRY:for B.sc (hons), M.sc AND Research Scholar( VOL- II)
Statement of responsibility, etc ASHUTOSH KAR
260 ## - PUBLICATION, DISTRIBUTION, ETC. (IMPRINT)
Place of publication NEW DELHI
Name of publisher CBS
Year of publication 2019
300 ## - PHYSICAL DESCRIPTION
Number of Pages 584p,
650 ## - SUBJECT ADDED ENTRY--TOPICAL TERM
Topical Term PHARMACY
942 ## - ADDED ENTRY ELEMENTS (KOHA)
Koha item type Books
Holdings
Lost status Damaged status Collection code Home library Current library Shelving location Date acquired Source of acquisition Cost, normal purchase price Full call number Accession Number Koha item type
    PHARMACY JRU Library JRU Library SHELF-17-E 25/02/2020 PURCHESS 575.00 546 23630 Books
    Reference JRU Library JRU Library SHELF-5-A 25/02/2020 PURCHESS 575.00 546 KAR 23631 Books